000 01207nam a2200253 a 4500
001 BRCA_8212
005 20190320210159.0
008 160514d19101914mx-####f##---#001-0#spa-#
041 _aspa
044 _amx
050 4 _aKGF7500
_b.L4
_c1914
245 1 0 _aLey de Ingresos y Presupuesto de Egresos del Erario Federal.
260 _aMéxico
_bPalacio Nacional
_c1910-1914
300 _a4 v.
_bTablas
_c30 cm.
500 _aCuatro volúmenes inventariados como un sólo libro por el Banco de México
500 _aU119
505 0 _aV.1 para el año fiscal que comienza el 1º de julio de 1910 y termina el 30 de junio de 1911.-- V.2 para el año fiscal que comienza el 1º de julio de 1911 y termina el 30 de junio de 1912.-- V.3 para el año fiscal que comienza el 1º de julio de 1912 y termina el 30 de junio de 1913.-- V.4 para el año fiscal que comienza el 1º de julio de 1913 y termina el 30 de junio de 1914.
650 1 4 _aLey de presupuestos
_zMéxico
_920470
650 1 4 _aLey financiera
_zMéxico
_920471
650 1 4 _aFinanzas y economía
_y1910-1914
_zMéxico
_920472
710 2 _aPalacio Nacional de Gobierno (Ciudad de México)
_f1910-1914
_eed.
_920473
902 _aGFM
942 _2lcc
_cB
999 _c7880
_d7880